| 000 | 01270nam0a22003011 4500 | ||
|---|---|---|---|
| 001 | rc\1015483 | ||
| 005 | 20041129102355.5 | ||
| 035 | _a(NLR Aleph) 006180728 | ||
| 090 |
_a6062729 _c6062729 |
||
| 100 | _a20041129d1981 u |0rusy50 ca | ||
| 101 | 0 | _arus | |
| 102 | _aRU | ||
| 105 | _aa ||||||||| | ||
| 200 | 1 |
_aМатематические модели контроля загрязнения воды _f[Дж.Ф. Эндрюс, К.Дж.С. Петри, Н.М.Д. Грин и др.] _gРед. А. Джеймс _gПеревод с англ. А.А. Воинова, Н.К. Лукьянова _gПод ред. Ю.М. Свирежева |
|
| 210 |
_aМ. _cМир _d1981 |
||
| 215 |
_a471 с. _cил. _d22 |
||
| 300 | _aПеревод изд.: Mathematical models in water pollution control (Chichester etc.) | ||
| 300 | _aАвт. указаны на обороте тит. л. | ||
| 320 | _aБиблиогр. в конце разделов | ||
| 320 | _aПредм. указ.: с. 464-466 | ||
| 701 | 1 |
_aЭндрюс _bД. Ф. _gДжон Ф. |
|
| 702 | 1 |
_aДжеймс _bА. _4340 |
|
| 702 | 1 |
_aСвирежев _bЮ. М. _gЮрий Михайлович _4340 |
|
| 801 | 0 |
_aRU _bNLR _gpsbo |
|
| 801 | 1 |
_aRU _bELAR _2rusmarc |
|
| 852 |
_aNLR _j81-5/4311 |
||
| 942 | _cBOOK | ||
| 980 | _aNB | ||